Ecotourism development in Costa Rica : (Record no. 19253)

000 -LEADER
fixed length control field 01100nam a2200181Ii 4500
020 ## - INTERNATIONAL STANDARD BOOK NUMBER
ISBN 9780739197257
020 ## - INTERNATIONAL STANDARD BOOK NUMBER
ISBN 0739197258
040 ## - CATALOGING SOURCE
Transcribing agency UOK
082 04 - DEWEY DECIMAL CLASSIFICATION NUMBER
Classification number 338 THA 1997 C155 Or.
100 1# - MAIN ENTRY--AUTHOR NAME
Personal name Miller, Andrew P.,
245 10 - TITLE STATEMENT
Title Ecotourism development in Costa Rica :
Remainder of title the search for oro verde /
250 ## - EDITION STATEMENT
Edition statement First paperback edition.
300 ## - PHYSICAL DESCRIPTION
Number of Pages xii, 131 pages ;
Dimensions 23 cm
520 ## - SUMMARY, ETC.
Summary, etc Ecotourism Development in Costa Rica: The Search for Oro Verde, by Andrew P. Miller, examines the use of ecotourism as a development strategy in Costa Rica and its applicability to other Central American states. Ecotourism provides an important environmental check on industry, giving the environment a voice by making its preservation an economic necessity due to the number of people who derive their income from it. The move away from agriculture to ecotourism is a natural fit because many of those who are engaged in agriculture have extensive knowledge of plants and animals that can be utilized by the ecotourism industry.
650 #0 - SUBJECT ADDED ENTRY--TOPICAL TERM
Topical Term Ecotourism
650 #0 - SUBJECT ADDED ENTRY--TOPICAL TERM
Topical Term Sustainable tourism
942 ## - ADDED ENTRY ELEMENTS (KOHA)
Koha item type ADB
952 ## - LOCATION AND ITEM INFORMATION (KOHA)
Withdrawn status [LOCAL, KOHA] 0
Holdings
Source of acquisition Permanent Location Date acquired Koha item type Lost status Shelving location Current Location Full call number
a39427Library Block C2020-09-01សៀវភៅភាសាអង់គ្លេស C155Library Block C338 THA 1997 C155 Or.
មជ្ឈមណ្ឌលឯការនៃសាកលវិទ្យាល័យភូមិន្ទកសិកម្មចំការដូង

Powered by Koha